[Event "Olympiad U18"]
[Site "Atlacomulco"]
[Date "2001.??.??"]
[Round "2"]
[White "Colin Navarrete, Ana"]
[Black "Vargas Reyes, Ana Gabriela"]
[Result "0-1"]
[WhiteElo "1316"]
[BlackElo "1373"]
[PlyCount "68"]
[EventDate "2001.05.29"]
[EventType "swiss"]
[EventRounds "5"]
[EventCountry "MEX"]
[SourceTitle "EXT 2002"]
[Source "ChessBase"]
[SourceDate "2001.11.25"]
[SourceVersion "1"]
[SourceVersionDate "2001.11.25"]
[SourceQuality "1"]

1. d4 d5 2. Nc3 e6 3. Nf3 Nf6 4. g3 Nbd7 5. Bg5 Be7 6. Bxf6 Bxf6 7. Bg2 c6 8. 0-0 0-0 9. e4 Be7 10. exd5 exd5 11. Qd3 Nf6 12. Nh4 Re8 13. Ne2 Bd6 14. c4 Bg4 15. Nc3 Bc7 16. cxd5 Nxd5 17. Nxd5 cxd5 18. Nf5 Qf6 19. Ne3 Bf3 20. Nxd5 Bxd5 21. Bxd5 Rad8 22. Qb5 Bb6 23. Bxb7 Bxd4 24. Rab1 Rf8 25. Bg2 Rb8 26. Qa4 h6 27. b3 Rbc8 28. b4 Rfe8 29. Qd1 Qb6 30. b5 Red8 31. Qb3 Rc3 32. Qa4 Rd5 33. Qa6 Qxa6 34. bxa6 Ra5 0-1